Регионална библиотека "Любен Каравелов" - Русе

Приключенията на добрия войник Швейк през световната война (Запис номер 50806)

MARC детайли
000 -Лидер
Контролно поле с фиксирана дължина nam a22 a 4500
003 - Код на организацията, давaща контролен номер
Контролно поле BLK
005 - Дата и час на последна редакция
Контролно поле 20230202154247.0
008 - Елементи от данни с фиксирана дължина
fixed length control field 180408b bul|||||r ||||||| ||bul||
010 ## - Наследен системен номер
LC control number KNG00054688000
040 ## - Източник на каталожния запис
Идентификатор на билиотеката - собственик на записа BLK
041 ## - Код за език
Код за езика на текст/звукозапис или на отделно заглавие Български
Код за езика КДБФ Български
080 ## - УДК
Текстов определител УДК Чешка литература
УДК код - определител по УДК 821.162.3
УДК определител -31
УДК - код + определител 821.162.3-31
100 1# - Редна дума - Автор
Автор Хашек, Ярослав
Авторска отговорност първи автор
R(LIN) 136579
139 ## - Редно поле
Редна дума Хашек, Ярослав
Авторски знак Хаш - Х 34
245 10 - Сведения за заглавието
Заглавие Приключенията на добрия войник Швейк през световната война
Подзаглавни данни Роман
Редно поле (дума) Ярослав Хашек; прев. от чеш. Светомир Иванчев.
250 ## - Област на изданието
Сведения за изданието 5. изд.
257 ## - Страна на издаване
Страна на създаване/издаване Чехословакия
260 ## - Област на издателските данни
Място на издаване, разпространение и проч. София
Име на издателя, разпространителя и проч. Нар. култура
Година на издаване 1978
300 ## - Физическа характеристика
Страници 751 с.
Размери/Мащаб 20 см
380 ## - Жанр
Жанр Худож. лит.
500 ## - Общи забележки
Забележка Ориг. загл. Osudy dobreho vojaka Svejka za svetove valky. - 1. изд. 1948 - 1955. - 50 125 тир.
700 1# - Други автори (авторска отговорност)
Лично име Иванчев, Светомир
Автороска отговорност (Описва отношението между автора и произведението) прев. от чеш.
9 (RLIN) 365682
852 ## - Местоположение
Форматна сигнатура Цб 91721
856 4# - Електронен адрес и достъп
Електронен формат pdf - файл
Инструкция (цена за достъп) 0.00
Права за достъп disable
856 4# - Електронен адрес и достъп
Електронен формат pdf - файл
Инструкция (цена за достъп) 0.00
Права за достъп disable
999 ## - СИСТЕМНИ КОНТРОЛНИ НОМЕРА
Koha biblionumber 50806
Koha biblioitemnumber 50806
942 ## - АРТИКУЛИ
Вид на библиотечния материал Книги
Скрит в OPAC Не
Периодичен библиозапис Да
Koha issues (borrowed), all copies 2
944 ## - СЪЗДАВАНЕ И РЕДАКЦИЯ на ЗАПИСА
Създаване/Редакция Създаване
Дата на регистрацията/редакция 13.07.2005
Служител, извършил регистрацията/редакцията Людмила_Стоянова
944 ## - СЪЗДАВАНЕ И РЕДАКЦИЯ на ЗАПИСА
Създаване/Редакция Редакция
Дата на регистрацията/редакция 26.02.2016
Служител, извършил регистрацията/редакцията Нора_Радева
999 ## - СИСТЕМНИ КОНТРОЛНИ НОМЕРА
Koha biblioitemnumber 50806
Наличности
Код за отписване Код за изгубен артикул Източник на класификационната схема Код за повреда Коз за рестрикции Код за отдаване Артикулен № Име на библиотеката - собственик Име на библиотеката, в която се намира в момента Статус (Текущо местоположение) Дата на вписване в системата Местоположение - отдел Цена в лева Инвентарен номер Систематично азбучна сигнатура Баркод Номер на екземпляра Цена в евро Служебна бележка Служебен тип на артикула Бележка за публиката
  Не е изгубен Universal Decimal Classification Не е повреден само за читалня ползва се в читалня 79571 Регионална библиотека "Любен Каравелов" Русе Регионална библиотека "Любен Каравелов" Русе Хранилище 1978-01-01 Хранилище 2.55 257125 Цб 91721 120000257125 1 1.30 Дост: Dp Вид: Д N: стар фонд Дата: 01.01.1978 Книги  
Изтеглен Не е изгубен   Не е повреден без рестрикции заемане за дома 79572 Регионална библиотека "Любен Каравелов" Русе Регионална библиотека "Любен Каравелов" Русе   1978-01-01 Заемна - подръчен фонд 2.55 257349 П 885-31/Х 34 257349 2 1.30 Дост: Pk Вид: Ф N: стар фонд Дата: 01.01.1978 Книги Отч.N: 26/2018 , Дата: 26.03.2018
Изтеглен Не е изгубен Universal Decimal Classification Не е повреден без рестрикции заемане за дома 79573 Регионална библиотека "Любен Каравелов" Русе Регионална библиотека "Любен Каравелов" Русе Заемна - подръчен фонд 1978-01-01 Заемна - подръчен фонд 2.55 257359 П 885-31/Х 34 257359 3 1.30 Дост: Pk Вид: Ф N: стар фонд Дата: 01.01.1978 Дата инв: 19.02.2018 Бележки инв: П2018 Книги  
Изтеглен Не е изгубен   Не е повреден без рестрикции заемане за дома 79574 Регионална библиотека "Любен Каравелов" Русе Регионална библиотека "Любен Каравелов" Русе   1978-01-01 Заемна - подръчен фонд 2.55 257361 П 885-31/Х 34 257361 4 1.30 Дост: Pk Вид: Ф N: стар фонд Дата: 01.01.1978 Книги Отч.N: 26/2018 , Дата: 26.03.2018
Изтеглен Не е изгубен   Не е повреден без рестрикции заемане за дома 79575 Регионална библиотека "Любен Каравелов" Русе Регионална библиотека "Любен Каравелов" Русе   1978-01-01 Заемна - подръчен фонд 2.55 257363 П 885-31/Х 34 257363 5 1.30 Дост: Pk Вид: Ф N: стар фонд Дата: 01.01.1978 Книги Отч.N: 26/2018 , Дата: 26.03.2018
Изтеглен Не е изгубен Universal Decimal Classification Не е повреден без рестрикции заемане за дома 79576 Регионална библиотека "Любен Каравелов" Русе Регионална библиотека "Любен Каравелов" Русе Заемна - подръчен фонд 1978-01-01 Заемна - подръчен фонд 2.55 268587 П 885-31/Х 34 268587 6 1.30 Дост: Pk Вид: Ф N: стар фонд Дата: 01.01.1978 Книги  
  Не е изгубен Universal Decimal Classification Не е повреден без рестрикции заемане за дома 79577 Регионална библиотека "Любен Каравелов" Русе Регионална библиотека "Любен Каравелов" Русе Детски отдел 1978-01-01 Детски отдел 2.25 257493 Д 820/899/Х 34 120000257493 7 1.15 Дост: Pk Вид: Ф N: стар фонд Дата: 01.01.1978 Дата инв: 07.10.2015 Бележки инв: Д2015 Книги  
Vip Innovations Ltd, Rousse, Bulgaria 2025